Todas las ciudades en China con una población de 1 millón - Estadísticas

Estadísticas generales
  • Esta prueba ha sido intentada 1.492 veces
    933 desde el último reinicio
  • La puntuación promedio es 26 de 138
Respuestas en el mapa
Las respuestas están codificadas por una escala verde-roja en el mapa de la prueba según el % correcto abajo.
 
Estadísticas de respuestas
Pobl. Área Urbana % Correcto
21,2 M Pekín
98%
40,8 M Shanghái
94%
70,1 M Cantón (incl. Shenzhen)
83%
7,25 M Hong Kong
79%
12,2 M Wuhan
77%
12,8 M Xi'an
66%
17,3 M Chengdu
57%
10,9 M Chongqing
57%
11,5 M Tianjin
54%
14,9 M Xiamen
50%
9,30 M Nankín
49%
4,85 M Urumqi
46%
13,9 M Hangzhou
43%
5,45 M Harbin
42%
7,45 M Qingdao
41%
11,0 M Changsha
38%
5,30 M Dalian
37%
4,65 M Fuzhou
35%
7,80 M Hefei
35%
6,50 M Kunming
33%
8,70 M Shenyang
32%
9,80 M Zhengzhou
31%
5,30 M Nanning
29%
8,00 M Shantou
28%
6,55 M Jinan
27%
7,30 M Ningbo
27%
3,50 M Lanzhou
26%
5,10 M Wenzhou
26%
5,95 M Taiyuan
25%
5,05 M Changchun
23%
6,20 M Shijiazhuang
22%
2,68 M Haikou
21%
4,45 M Linyi
20%
3,88 M Zibo
20%
5,05 M Guiyang
19%
2,73 M Hohhot
19%
1,61 M Jilin
19%
4,98 M Nanchang
19%
3,08 M Xuzhou
19%
2,35 M Anshan
18%
2,70 M Tangshan
18%
1,95 M Datong
17%
1,76 M Guilin
17%
3,35 M Nantong
17%
2,50 M Yantai
17%
2,18 M Baotou
16%
3,60 M Luoyang
16%
1,46 M Taizhou (Jiangsu)
16%
2,58 M Taizhou (Zhejiang)
16%
2,18 M Xining
16%
1,03 M Qiqihar
15%
2,83 M Handan
14%
2,43 M Liuzhou
14%
1,41 M Maoming
14%
3,18 M Weifang
14%
2,40 M Yinchuan
14%
1,91 M Anyang
13%
2,15 M Baoding
13%
1,85 M Daqing
13%
2,08 M Ganzhou
13%
1,29 M Luzhou
13%
1,79 M Wuhu
13%
2,60 M Xinxiang
13%
1,20 M Changde
12%
1,87 M Huainan
12%
1,69 M Huzhou
12%
1,84 M Jining
12%
1,24 M Lu'an
12%
1,74 M Mianyang
12%
2,03 M Pingdingshan
12%
1,52 M Tai'an
12%
1,37 M Yichang
12%
2,55 M Zhuhai
12%
1,23 M Hengyang
11%
1,31 M Kaifeng
11%
1,61 M Nanyang
11%
1,68 M Qinhuangdao
11%
1,24 M Rizhao
11%
2,25 M Yangzhou
11%
2,58 M Yiwu
11%
1,84 M Zhanjiang
11%
1,94 M Bengbu
10%
1,31 M Dazhou
10%
1,24 M Dezhou
10%
1,90 M Huai'an
10%
1,23 M Jinzhou
10%
1,39 M Nanchong
10%
1,67 M Puyang
10%
1,30 M Qingyuan
10%
1,16 M Wanzhou
10%
1,47 M Weihai
10%
1,77 M Xiangyang
10%
1,18 M Xinyang
10%
1,43 M Zhangjiakou
10%
1,19 M Zhenjiang
10%
1,19 M Baoji
9%
1,16 M Ezhou
9%
1,13 M Lianyungang
9%
1,00 M Linfen
9%
1,64 M Xingtai
9%
1,36 M Xuchang
9%
1,20 M Yueyang
9%
1,54 M Yulin
9%
1,05 M Zhoukou
9%
1,94 M Zunyi
9%
1,05 M Beihai
8%
1,77 M Cangnan
8%
1,16 M Chifeng
8%
1,35 M Fuyang
8%
1,50 M Heze
8%
3,10 M Jiangyin
8%
2,18 M Jiaxing
8%
1,53 M Jinhua
8%
1,18 M Liaocheng
8%
1,02 M Panjin
8%
1,52 M Shangrao
8%
1,19 M Suqian
8%
1,43 M Yancheng
8%
1,84 M Zaozhuang
8%
1,02 M Guigang
7%
1,31 M Huaibei
7%
1,04 M Huludao
7%
1,03 M Langfang
7%
1,00 M Liuyang
7%
1,11 M Qujing
7%
1,04 M Shiyan
7%
1,13 M Zhaoqing
7%
1,03 M Chuzhou
6%
1,02 M Hengshui
6%
1,60 M Jiaozuo
6%
1,67 M Shangqiu
6%
1,05 M Shaoyang
6%
1,08 M Shuyang
6%
1,26 M Yibin
6%
1,23 M Changzhi
5%
1,03 M Dongying
5%
1,05 M Jiujiang
5%
1,06 M Yongkang
4%
No se encontraron pruebas coincidentes
Distribución de puntuación
Porcentaje de gente con cada puntuación
Porcentaje por número respondido
Historial de tus puntuaciones
No has intentado esta prueba desde el último reinicio